00327cam a22001097a 4500008004000000082001200040100001900052245006200071260003400133300001000167650004000177180718b1992 xxu||||| |||| 00| 0 eng d aQ8 B469 aBhandari, D.R. aProblem of crime punishment and justicecby D.R. Bhandari aJodhpurbBooks Treasurec1992 a225p. aCriminal justice, Administration of